KOHA-Header-6

Applied Psychology in Human Resource Management (Record no. 12550)

000 -LEADER
fixed length control field 00281nam a22001097a 4500
020 ## - INTERNATIONAL STANDARD BOOK NUMBER
ISBN 9788120333710
-- 978-0131484108
-- 0131484109
082 ## - DEWEY DECIMAL CLASSIFICATION NUMBER
Classification number 658.30
100 ## - MAIN ENTRY--AUTHOR NAME
Personal name Cascio, Wayne F.
245 ## - TITLE STATEMENT
Title Applied Psychology in Human Resource Management
250 ## - EDITION STATEMENT
Edition statement 6th edition
942 ## - ADDED ENTRY ELEMENTS (KOHA)
Koha item type Books
Holdings
Withdrawn status Lost status Collection code Permanent Location Current Location Shelving location Date acquired Full call number Accession Number Koha item type
    Psychology MAJU MAJU Shelf No.B35 2020-09-23 658.30 9683 Psychology

Powered by Koha